| 000 | 00676nam a22002177a 4500 | ||
|---|---|---|---|
| 999 |
_c17894 _d17894 |
||
| 003 | AR-CdUCM | ||
| 008 | 190510b ||||| |||| 00| 0 spa d | ||
| 040 |
_aMUNICIPALIDAD PROVINCIAL DEL CUSCO _cBIBLIOTECA MUNICIPAL DEL CUSCO |
||
| 082 |
_a396 / _bL98 |
||
| 100 |
_aLuchting, Wolfgang A. _96175 |
||
| 245 |
_aLiberación de las mujeres o revolución : _bNo una sino muchas muertes / |
||
| 260 |
_aLima : _bEcoma, _c1974. |
||
| 300 |
_a63 páginas ; _c20 cm. |
||
| 505 | _aContenido : | ||
| 650 |
_aNovela peruana _91234 |
||
| 650 |
_aLiteratura _983 |
||
| 650 |
_aRevolución _9844 |
||
| 700 |
_aCongrains, Enrique Martin _938117 |
||
| 942 |
_2ddc _cLIBROS |
||
| 945 | _arcc | ||